[Event "ch-IND National A"]
[Site "Mumbai IND"]
[Date "2009.12.09"]
[Round "8"]
[White "Thejkumar,M"]
[Black "Sangma,R"]
[Result "1/2-1/2"]
[WhiteElo "2453"]
[BlackElo "2368"]

1.d4 Nf6 2.Nf3 e6 3.c4 c5 4.d5 d6 5.Nc3 exd5 6.cxd5 g6 7.e4 Bg7 8.Bg5 h6
9.Bh4 O-O 10.Nd2 a6 11.a4 Re8 12.Be2 Nbd7 13.O-O g5 14.Bg3 Ne5 15.f4 Ng6
16.fxg5 hxg5 17.Nc4 Nxe4 18.Nxe4 Rxe4 19.Nxd6 Rd4 20.Qc2 Nf4 21.Bxf4 gxf4
22.Nxc8 Rxc8 23.Bf3 Qg5 24.Rae1 b5 25.axb5 axb5 26.Re2 c4 27.Rfe1 Bf6 28.Re4 Rd3
29.Kh1 Rb3 30.d6 Rxb2 31.d7 Rd8 32.Qc1 Ra2 33.Qxf4 Qxf4 34.Rxf4 Bc3 35.Rd1 Bd2
36.Rg4+ Kf8 37.Bc6 c3 38.Re4 c2 39.Re8+ Kg7 40.Rf1 Bg5 41.h4 Bxh4 42.Bxb5 Ra5
43.Bd3 Rh5 44.Kg1 Bf6 45.g4 Rc5 46.Bxc2 Bd4+ 47.Kh1 Rxd7 48.Re2 Rd6 49.Kg2 Re6
50.Bd3 Rxe2+  1/2-1/2

[Event "ch-IND National A"]
[Site "Mumbai IND"]
[Date "2009.12.11"]
[Round "10"]
[White "Sriram,J"]
[Black "Gopal,G"]
[Result "1/2-1/2"]
[WhiteElo "2497"]
[BlackElo "2593"]

1.d4 Nf6 2.c4 c5 3.d5 e6 4.Nc3 exd5 5.cxd5 d6 6.Nf3 g6 7.g3 Bg7 8.Bg2 O-O
9.O-O Re8 10.Bf4 a6 11.a4 Ne4 12.Nxe4 Rxe4 13.Nd2 Rb4 14.b3 Bxa1 15.Qxa1 g5
16.Be3 Qe7 17.Nf3 f6 18.Bd2 Rxb3 19.Qa2 Rb6 20.Ba5 Nd7 21.Bh3 Rb4 22.Be6+ Kh8
23.Bxb4 cxb4 24.Qb2 Nc5 25.Nxg5 a5 26.Rc1 Bxe6 27.Nxe6 Ne4 28.Qd4 Nc3 29.Kf1 b5
30.e4 Kg8 31.Ra1 Nxa4 32.Rc1 Nc3 33.Ra1 Na4 34.Rc1 b3 35.Rc7 Qxc7 36.Nxc7 b2
37.Nxa8 b1=Q+ 38.Kg2 Nc5 39.Qxf6 Qxe4+ 40.Kg1 Qe1+ 41.Kg2 Qe5 42.Qd8+ Kf7
43.Qxa5 Qxd5+ 44.f3 b4 45.Nb6 Qd4 46.Qa7+ Ke6 47.Qxh7 Qb2+ 48.Kh3 Qf6  1/2-1/2

[Event "London Classic FIDE Open"]
[Site "London ENG"]
[Date "2009.12.14"]
[Round "8"]
[White "Quinn,Joh"]
[Black "Clarke,B"]
[Result "1/2-1/2"]
[WhiteElo "2161"]
[BlackElo "2056"]

1.d4 Nf6 2.c4 c5 3.d5 e6 4.Nc3 exd5 5.cxd5 d6 6.Nf3 g6 7.h3 Bg7 8.e4 O-O
9.Bd3 b5 10.Nxb5 Re8 11.O-O Nxe4 12.Bxe4 Rxe4 13.Re1 Rxe1+ 14.Qxe1 a6 15.Nc7 Ra7
16.Bg5 f6 17.Ne6 Bxe6 18.Qxe6+ Rf7 19.Bf4 Bf8 20.Re1 a5 21.Nd2 Na6 22.Qe8 Rd7
23.Nc4 Nc7 24.Qxd8 Rxd8 25.Rd1 a4 26.Rd2 Nb5 27.Kf1 Kf7 28.Nb6 Re8 29.Re2 a3
30.Rxe8 Kxe8 31.bxa3 Nxa3 32.Ke2 Kd8 33.Kd3 Kc7 34.Nc4 Nb5 35.Be3 Na7 36.g4 Nc8
37.Bd2 Kb7 38.Bc3 Be7 39.a4 Bd8 40.Nd2 Nb6 41.Ba5 Be7 42.Bxb6 Kxb6 43.Nc4+ Kc7
44.Ke4 Bf8 45.h4 Be7 46.h5 Bf8 47.f4 Be7 48.hxg6 hxg6 49.Kd3 Bf8 50.Ke4 Kb7
51.f5 g5 52.Kd3 Ka6 53.Kc3 Be7 54.Kb3 Bf8 55.Nd2 Ka5 56.Ka3 Be7 57.Nc4+ Ka6
58.Kb2 Bf8 59.Nd2 Ka5 60.Kb3 Be7 61.Ne4 Kb6 62.Nc3 Ka5 63.Nb5 Kb6 64.Na3 Ka5
65.Nc4+ Ka6  1/2-1/2

[Event "ch-IND National A"]
[Site "Mumbai IND"]
[Date "2009.12.14"]
[Round "13"]
[White "Sundararajan,K"]
[Black "Prathamesh,S"]
[Result "1-0"]
[WhiteElo "2516"]
[BlackElo "2382"]

1.d4 Nf6 2.c4 c5 3.d5 e6 4.Nc3 exd5 5.cxd5 d6 6.Nf3 g6 7.Nd2 Bg7 8.Nc4 O-O
9.Bf4 Ne8 10.e3 b6 11.Qd2 Ba6 12.a4 Bxc4 13.Bxc4 f5 14.O-O Nd7 15.e4 Qf6
16.Rae1 Kh8 17.Bb5 Ne5 18.Bg5 Qf7 19.f4 Ng4 20.h3 Bd4+ 21.Kh1 Ngf6 22.e5 Nh5
23.Rf3 Qg7 24.Bc6 Rb8 25.Nb5 h6 26.Nxd4 cxd4 27.Bh4 Nxf4 28.Qxf4 g5 29.Qxd4 gxh4
30.Qxh4 dxe5 31.Rg3 Qf6 32.Qxf6+ Rxf6 33.Rxe5 Ng7 34.Re7 Nh5 35.Rge3 a5 36.R3e6 Rd8
37.Re8+ Rxe8 38.Rxe8+ Kg7 39.Rb8 f4 40.Rxb6 Rf5 41.Kg1 Re5 42.Kf2 Re3 43.g4 Nf6
44.d6 Rxh3 45.d7 Rd3 46.Rb8  1-0

[Event "Tata Steel TCh-Asia"]
[Site "Kolkata IND"]
[Date "2009.12.24"]
[Round "3"]
[White "Mohammed Abdul,M"]
[Black "Faraj,Y"]
[Result "1-0"]
[WhiteElo "2290"]
[BlackElo "2280"]

1.d4 Nf6 2.Nf3 c5 3.d5 e6 4.c4 exd5 5.cxd5 d6 6.Nc3 g6 7.Bf4 Bg7 8.e3 O-O
9.h3 a6 10.a4 Re8 11.Be2 b6 12.Nd2 Bb7 13.Nc4 Bf8 14.Bf3 Qc7 15.O-O Nbd7
16.e4 Rab8 17.Re1 Ne5 18.Be2 Nxc4 19.Bxc4 Nd7 20.Qd2 Bg7 21.Bg3 Ne5 22.Be2 Bc8
23.f4 Nd7 24.Bc4 f6 25.Qd3 Ra8 26.Re2 g5 27.e5 fxe5 28.fxg5 Rf8 29.Qe4 Rf7
30.Rf1 Rxf1+ 31.Kxf1 Nf8 32.Rf2 Ng6 33.Kg1 Bd7 34.h4 Qb7 35.h5 Nf8 36.Qf3 Bxa4
37.Nxa4 b5 38.Nxc5 Qa7 39.h6 Bh8 40.Ne6 Nxe6 41.dxe6 bxc4 42.e7  1-0

[Event "Tata Steel TCh-Asia w"]
[Site "Kolkata IND"]
[Date "2009.12.25"]
[Round "4"]
[White "Mohota,N"]
[Black "Karavade,E"]
[Result "1/2-1/2"]
[WhiteElo "2351"]
[BlackElo "2413"]

1.d4 Nf6 2.c4 c5 3.d5 e6 4.Nc3 exd5 5.cxd5 d6 6.Nf3 g6 7.Bf4 a6 8.a4 Bg7
9.h3 Qe7 10.e3 Nbd7 11.Be2 O-O 12.O-O Ne8 13.Re1 Rb8 14.Bf1 Nc7 15.e4 Ne5
16.Nxe5 Bxe5 17.Bh6 Re8 18.f4 Bd4+ 19.Kh1 f6 20.e5 fxe5 21.Ne4 exf4 22.Bxf4 Be5
23.Nxc5 Qg7 24.Nd3 Bxf4 25.Nxf4 Bf5 26.Qb3 Qd4 27.Ne6 Nxe6 28.dxe6 d5 29.Rad1 Qf6
30.Qxd5 Bxe6 31.Rxe6 Qxe6 32.Qxe6+ Rxe6 33.Bc4 Kf7 34.Rd6 Re8 35.Rb6 Kf6
36.Bxe6 Rxe6 37.Rxb7 h5 38.b4 Re4 39.Kg1 a5 40.bxa5 Rxa4 41.Rb6+ Kf5 42.Ra6 Ra2
43.Ra8 Kf4 44.Kh2 h4 45.a6 Ra1 46.a7 Kg5 47.g4 Ra2+ 48.Kg1 Ra1+ 49.Kf2 Ra2+
50.Kf3 Ra3+ 51.Ke4 Ra4+ 52.Ke5 Ra5+ 53.Ke6 Ra6+ 54.Ke7 Ra1 55.Kf7 Ra3 56.Ke6 Ra6+
57.Ke7 Ra1 58.Kd6 Rd1+ 59.Ke6 Re1+ 60.Kd6 Rd1+  1/2-1/2

[Event "85th Masters"]
[Site "Hastings ENG"]
[Date "2009.12.28"]
[Round "1"]
[White "Demac,E"]
[Black "Lenier,J"]
[Result "1-0"]
[WhiteElo "2084"]
[BlackElo "1828"]

1.d4 Nf6 2.c4 c5 3.d5 e6 4.Nc3 exd5 5.cxd5 d6 6.Nf3 g6 7.Bf4 a6 8.a4 Bg7
9.h3 O-O 10.Nd2 Re8 11.e3 Bf5 12.Qb3 Qc7 13.Nc4 Bf8 14.Qb6 Qxb6 15.Nxb6 Ra7
16.Nc4 Rd8 17.f3 Nh5 18.Bh2 Bc8 19.Ne4 Nd7 20.Nexd6 Bxd6 21.Nxd6 Nb6 22.Nxc8 Rxc8
23.e4 f5 24.g4 Nf6 25.e5 Nfxd5 26.a5 Na8 27.Bc4 Nc7 28.Rd1 Rd8 29.e6  1-0

[Event "Pan-American Intercollegiate"]
[Site "South Padre Island USA"]
[Date "2009.12.28"]
[Round "2"]
[White "Zivanic,M"]
[Black "Aradhyula,V"]
[Result "1-0"]
[WhiteElo "2472"]
[BlackElo "2172"]

1.d4 Nf6 2.c4 e6 3.Nf3 c5 4.d5 exd5 5.cxd5 d6 6.Nc3 g6 7.h3 a6 8.a4 Qe7 9.Bf4 Nh5
10.Bg5 f6 11.Bd2 f5 12.Bg5 Nf6 13.Nd2 Nbd7 14.Nc4 Ne5 15.Nxe5 Qxe5 16.Qd2 Bg7
17.Bf4 Qe7 18.e3 O-O 19.Be2 Ne4 20.Nxe4 fxe4 21.O-O Bd7 22.a5 Bb5 23.Rac1 h5
24.Bc4 g5 25.Bg3 Be5 26.Bxe5 Qxe5 27.b4 g4 28.h4 g3 29.Bxb5 axb5 30.bxc5 dxc5
31.Rxc5 gxf2+ 32.Rxf2 Rxf2 33.Qxf2 Rf8 34.Qd2 Qf5 35.Qe1 Rd8 36.Qg3+ Kh8
37.Rxb5 Rg8 38.Qf2 Qe5 39.Rxb7 Qxd5 40.Qf6+  1-0

[Event "26th Open"]
[Site "Boeblingen GER"]
[Date "2009.12.29"]
[Round "6"]
[White "Borovikov,V"]
[Black "Rojas Keim,L"]
[Result "1-0"]
[WhiteElo "2585"]
[BlackElo "2466"]

1.d4 Nf6 2.Nf3 e6 3.c4 c5 4.d5 d6 5.Nc3 exd5 6.cxd5 g6 7.h3 a6 8.a4 Qe7 9.Bf4 Nbd7
10.e3 Bg7 11.Be2 O-O 12.O-O Ne8 13.e4 Rb8 14.Qd2 Nc7 15.Rfe1 f6 16.Rab1 b5
17.axb5 Nxb5 18.Nxb5 axb5 19.b4 Rb6 20.bxc5 Nxc5 21.Bxb5 Bd7 22.Bxd7 Rxb1
23.Rxb1 Qxd7 24.Qc2 Re8 25.Nd2 f5 26.exf5 gxf5 27.Be3 Na4 28.Qc6 Qxc6 29.dxc6 Rc8
30.Nf3 Nc3 31.Rb6 Nd5 32.Ra6 Nb4 33.Ra5 Nxc6 34.Rxf5 Ne7 35.Rb5 Ng6 36.g3 Rf8
37.Ng5 Re8 38.Nf3 Rf8 39.Nd4 Re8 40.Nf5 Bf8 41.g4 Ne5 42.f4 Nf7 43.Kf2 Nd8
44.Rb8 Kf7 45.Kf3 h6 46.Nd4 Bg7 47.Nb5 Ke7 48.Ra8  1-0

[Event "ch-AUS"]
[Site "Sydney AUS"]
[Date "2010.01.06"]
[Round "4"]
[White "Johansen,D"]
[Black "Zhao Zong Yuan"]
[Result "0-1"]
[WhiteElo "2453"]
[BlackElo "2572"]

1.Nf3 Nf6 2.c4 e6 3.d4 c5 4.d5 d6 5.Nc3 exd5 6.cxd5 g6 7.e4 a6 8.h3 b5 9.Bd3 Bg7
10.O-O O-O 11.a3 Re8 12.Re1 Bb7 13.Bf4 Qb6 14.b4 Nbd7 15.Qd2 Rac8 16.Rac1 Nh5
17.Bg5 Ne5 18.Nxe5 Bxe5 19.Be3 Nf6 20.Ne2 Nd7 21.f4 Bg7 22.Ng3 Qd8 23.Qf2 Qh4
24.Kh2 h5 25.Re2 c4 26.Bb1 a5 27.bxa5 Qd8 28.Bd4 Bxd4 29.Qxd4 Nc5 30.Rc3 h4
31.Nf1 Nb3 32.Qf2 Qf6 33.Rce3 c3 34.Rc2 Rc5 35.Ba2 Nd4 36.Rcxc3 Rxc3 37.Rxc3 Rxe4
38.Rd3 Rxf4 39.Qe3 b4 40.Nd2 Ba6 41.Ne4 Rxe4 42.Qxe4 Bxd3 43.Qxd3 Qe5+ 44.Kg1 Qe1+
45.Kh2 Nf5 46.axb4 Ne3  0-1

[Event "TCh-NED 2009-10"]
[Site "Netherlands NED"]
[Date "2010.01.09"]
[Round "5"]
[White "Winants,L"]
[Black "Van Oosterom,C"]
[Result "1/2-1/2"]
[WhiteElo "2536"]
[BlackElo "2386"]

1.d4 c5 2.d5 Nf6 3.c4 e6 4.Nc3 exd5 5.cxd5 d6 6.Nf3 a6 7.a4 g6 8.g3 Bg7 9.Bg2 O-O
10.O-O Re8 11.h3 b5 12.axb5 Bb7 13.b6 Nbd7 14.Nd2 Nxb6 15.Nb3 Rc8 16.Na5 Ba8
17.e4 Nfd7 18.Re1 c4 19.Be3 Nc5 20.Nc6 Bxc6 21.dxc6 Rxc6 22.e5 d5 23.Nxd5 Nd3
24.Nf4 Rc8 25.Nxd3 cxd3 26.Bb7 Rb8 27.Bxa6 Bxe5 28.Qxd3 Qxd3 29.Bxd3 Bxb2
30.Rab1 Nd5 31.Ba7 Rxe1+ 32.Rxe1 Ra8 33.Bc5 Ra1 34.Rxa1 Bxa1 35.f4 Kg7 36.Bc4 Nf6
37.Kg2 h5 38.Kf3 Bc3 39.Be2 Bb2 40.Bf2 Nd5 41.Bd3  1/2-1/2

[Event "Open"]
[Site "Prague CZE"]
[Date "2010.01.09"]
[Round "2"]
[White "Corke,A"]
[Black "Zakhartsov,Vi"]
[Result "1/2-1/2"]
[WhiteElo "2284"]
[BlackElo "2562"]

1.d4 Nf6 2.c4 e6 3.Nf3 c5 4.d5 d6 5.Nc3 exd5 6.cxd5 g6 7.e4 Bg7 8.h3 O-O
9.Bd3 a6 10.a4 Nbd7 11.O-O Re8 12.Be3 Qe7 13.Nd2 Ne5 14.Be2 h5 15.f4 Ned7
16.Bf3 Nh7 17.Nc4 Rb8 18.Re1 Qf8 19.Qc2 b5 20.axb5 axb5 21.Na5 b4 22.Nb1 Ra8
23.Nd2 f5 24.Nac4 Rxa1 25.Rxa1 h4 26.Bf2 Bh6 27.exf5 gxf5 28.Bh5 Rd8 29.Bxh4 Ndf6
30.Bg6 Bxf4 31.Bxf5 Bxf5 32.Qxf5 Qh6 33.Bxf6 Qxf6 34.Qxf6 Nxf6 35.Rf1 Nxd5
36.Ne4 Be3+ 37.Kh1 Bd4 38.Nexd6 Ne3 39.Nxe3 Rxd6 40.Nc4 Re6 41.b3 Re2 42.Kh2 Kg7
43.h4 Rc2 44.Rf3 Rc1 45.Kg3 Bc3 46.Kg4 Rd1 47.Kg5 Rd5+ 48.Kg4 Rd1 49.Kf5 Rb1
50.Na5 Ra1 51.Nc4 Rb1 52.Na5 Ra1 53.Nc4  1/2-1/2

[Event "8th Parsvnath Open"]
[Site "New Delhi IND"]
[Date "2010.01.14"]
[Round "2"]
[White "Thejkumar,M"]
[Black "Prince,Ba"]
[Result "1/2-1/2"]
[WhiteElo "2435"]
[BlackElo "2155"]

1.d4 Nf6 2.c4 e6 3.Nf3 c5 4.d5 exd5 5.cxd5 d6 6.Nc3 g6 7.e4 a6 8.a4 Bg4 9.Be2 Bxf3
10.Bxf3 Nbd7 11.Bf4 Qe7 12.O-O Bg7 13.Re1 O-O 14.a5 Ne5 15.Be2 Nfd7 16.Bg3 g5
17.Qd2 Ng6 18.Nd1 Be5 19.Bxe5 Ndxe5 20.Ne3 Qf6 21.Nf5 Nf4 22.Ra3 Rac8 23.h4 Nxe2+
24.Rxe2 g4 25.Qg5+ Qxg5 26.hxg5 Rcd8 27.Rb3 Rd7 28.Rc2 Rfd8  1/2-1/2

[Event "Open C"]
[Site "Marianske Lazne CZE"]
[Date "2010.01.20"]
[Round "6"]
[White "Vales,V"]
[Black "Turner,R"]
[Result "0-1"]
[WhiteElo "2193"]
[BlackElo "2099"]

1.d4 Nf6 2.Nf3 c5 3.d5 e6 4.c4 exd5 5.cxd5 d6 6.Nc3 g6 7.g3 Bg7 8.Bg2 O-O
9.O-O a6 10.a4 Nbd7 11.Nd2 Re8 12.Nc4 Nb6 13.Na3 Rb8 14.h3 Na8 15.e4 Nc7
16.a5 Nb5 17.Ncxb5 axb5 18.e5 Rxe5 19.Bf4 Rf5 20.Nxb5 Rxf4 21.gxf4 Nh5 22.Nc3 Nxf4
23.Qf3 Qg5 24.Qg3 Qh6 25.Ra4 Be5 26.Qe3 Bd7 27.Rxf4 Qxf4 28.Qxf4 Bxf4 29.Ra1 Ra8
30.Bf1 Be5 31.Kg2 Bf5 32.f3 Kf8 33.Ra3 Bc2 34.Kf2 Ke7 35.Ke3 Bd4+ 36.Kd2 Bf5
37.Rb3 Bc8 38.Ra3 Be5 39.Kc2 g5 40.Na4 Rxa5 41.Nb6 Bf5+ 42.Bd3 Rxa3 43.bxa3 Bxh3
44.Bxh7 Bg2 45.Bf5 Kd8 46.Bg4 f5 47.Bxf5 Bxf3 48.Kd3 Bf4 49.Nc4 Bxd5  0-1

[Event "LX Abto de Verano"]
[Site "Villa Ballester ARG"]
[Date "2010.01.20"]
[Round "1"]
[White "Paniagua Chnelik,S"]
[Black "Martinez,Luciana"]
[Result "1-0"]
[WhiteElo "2098"]
[BlackElo "1562"]

1.d4 Nf6 2.c4 c5 3.d5 e6 4.Nc3 exd5 5.cxd5 d6 6.Nf3 g6 7.Bf4 Bg7 8.Qa4+ Bd7
9.Qb3 Qc7 10.e4 O-O 11.Be2 Nh5 12.Be3 f5 13.e5 b5 14.Bxb5 Bxb5 15.Nxb5 Qb6
16.Nxd6 Qxb3 17.axb3 Rd8 18.Bxc5 Nd7 19.Bd4 Nf4 20.Nc4 Nxd5 21.O-O Nf4 22.Rfe1 Re8
23.g3 Nd3 24.Re3 N3c5 25.Rd1  1-0

[Event "2nd Chennai Open"]
[Site "Chennai IND"]
[Date "2010.01.26"]
[Round "2"]
[White "Thejkumar,M"]
[Black "Ocantos,M"]
[Result "1-0"]
[WhiteElo "2435"]
[BlackElo "2158"]

1.d4 Nf6 2.Nf3 e6 3.c4 c5 4.d5 exd5 5.cxd5 d6 6.Nc3 g6 7.e4 Bg7 8.Bg5 O-O
9.Nd2 Re8 10.Be2 a6 11.a4 Nbd7 12.O-O h6 13.Bh4 g5 14.Bg3 Ne5 15.Qc2 Rb8
16.a5 Ng6 17.Nc4 Bf8 18.f4 gxf4 19.Bxf4 Nxf4 20.Rxf4 Bg7 21.Raf1 Rf8 22.Qd3 Ne8
23.Bh5 Nf6 24.Bd1 Qe7 25.Qg3 Ne8 26.Bh5 f6 27.Bxe8 Rxe8 28.Rxf6 Bd7 29.e5 dxe5
30.d6 Qd8 31.Rg6  1-0

[Event "ch-BUL S/F Men"]
[Site "Plovdiv BUL"]
[Date "2010.01.26"]
[Round "4"]
[White "Kolev,At2"]
[Black "Hristov,N"]
[Result "1-0"]
[WhiteElo "2017"]
[BlackElo "1878"]

1.d4 Nf6 2.c4 e6 3.Nf3 c5 4.d5 exd5 5.cxd5 d6 6.Nc3 g6 7.Nd2 Bg7 8.e4 O-O
9.Be2 Na6 10.O-O Nc7 11.a4 Re8 12.f3 Nd7 13.Nc4 Ne5 14.Bf4 Nxc4 15.Bxc4 f5
16.Qd3 b6 17.Rfe1 g5 18.Bg3 f4 19.Bf2 a6 20.g3 Qd7 21.gxf4 gxf4 22.Kh1 Re5
23.Rg1 Rh5 24.Rg2 Ra7 25.Ne2 Qf7 26.Qd2 Bh3 27.Rgg1 Bc8 28.Nxf4 Rh6 29.Rg3 Kh8
30.Rag1 Ne8 31.Ne6 Rh4 32.Rxg7 Rxh2+ 33.Kxh2 Qh5+ 34.Kg3 Rxg7+ 35.Nxg7 Qh3+
36.Kf4 Qh6+ 37.Rg5 Nxg7 38.Qc3 b5 39.Qxg7+  1-0

[Event "2nd Chennai Open"]
[Site "Chennai IND"]
[Date "2010.02.03"]
[Round "11"]
[White "Praveen Kumar,C1"]
[Black "Kryakvin,D"]
[Result "1/2-1/2"]
[WhiteElo "2421"]
[BlackElo "2575"]

1.d4 Nf6 2.c4 c5 3.d5 e6 4.Nc3 exd5 5.cxd5 d6 6.Nf3 g6 7.g3 Bg7 8.Bg2 O-O
9.O-O a6 10.a4 Nbd7 11.Nd2 Re8 12.h3 Rb8 13.Nc4 Nb6 14.Na3 Bd7 15.a5 Nc8
16.Nc4 Bb5 17.Qb3 Na7 18.Re1 Bxc4 19.Qxc4 Qd7 20.e4 Nb5 21.Be3 Nd4 22.Na4 Qb5
23.Qxb5 Nxb5 24.Bd2 Nd7 25.f4 Nd4 26.Rab1 Nb3 27.Rbd1 Bd4+ 28.Kh2 b5 29.axb6 Nxb6
30.Nxb6 Rxb6 31.Bc3 Bxc3 32.bxc3 a5 33.e5 Kf8 34.Re4 f5 35.Ra4 dxe5 36.fxe5 Rxe5
37.d6 Ke8 38.d7+ Kd8 39.Bd5 Nd4 40.cxd4 Rxd5 41.Rxa5 Rxd4 42.Rxd4 cxd4 43.Rd5 Rb2+
44.Kg1 Rd2 45.h4 d3 46.Rd6 Re2 47.Rxd3 Re7 48.Rd2 Rxd7 49.Ra2 Ke7 50.Kf2 Kf6
51.Ra3 Kg7 52.Kf3 Kh6 53.Rb3 Kh5 54.Ra3 Rb7 55.Rc3 h6 56.Ra3 Rb2 57.Ra5 Rb3+
58.Kg2 Re3 59.Rb5 Kg4 60.Rb4+ Re4 61.Rb6 Re2+ 62.Kf1 Kf3 63.Rxg6 Rh2 64.Ke1 Re2+
65.Kf1 Ra2 66.Ke1 Ra4 67.Rf6 Ra5 68.Rxh6 Kxg3 69.Rg6+ Kf3 70.Rd6 f4 71.Rd3+ Kg2
72.Rd2+ Kg1 73.Rd8 Re5+ 74.Kd2 f3 75.Rg8+ Kf2 76.Rg5 Re8 77.h5 Rd8+ 78.Kc3 Ke3
79.Re5+ Kf4 80.Re7 Rh8 81.Kd2 Kg3 82.Ke1 Rxh5 83.Rg7+ Kf4 84.Kf2 Rh2+ 85.Kf1  1/2-1/2

[Event "Georgi Tringov Mem"]
[Site "Plovdiv BUL"]
[Date "2010.02.03"]
[Round "6"]
[White "Blagojevic,Dr"]
[Black "Simeonov,S"]
[Result "1/2-1/2"]
[WhiteElo "2528"]
[BlackElo "2366"]

1.d4 Nf6 2.c4 e6 3.Nf3 c5 4.d5 exd5 5.cxd5 d6 6.Nc3 g6 7.h3 Bg7 8.e4 O-O
9.Bd3 b5 10.Bxb5 Nxe4 11.Nxe4 Qa5+ 12.Nfd2 Qxb5 13.Nxd6 Qa6 14.N2c4 Nd7 15.O-O Ne5
16.Nxc8 Raxc8 17.Nxe5 Bxe5 18.Re1 Rfe8 19.Bg5 Qd6 20.Qa4 Qxd5 21.Rad1 Qc6
22.Qxc6 Rxc6 23.Kf1 Rce6 24.b3 Bd4 25.Rxe6 Rxe6 26.Re1 Rxe1+ 27.Kxe1 f6 28.Bd2 Kf7
29.Ke2 Ke6 30.f3 Kd5 31.Kd3 f5 32.Bf4  1/2-1/2

[Event "4th SOP-SMAOK Open"]
[Site "Athens GRE"]
[Date "2010.02.23"]
[Round "7"]
[White "Sarakenidis,N"]
[Black "Ntatsis,G"]
[Result "1/2-1/2"]
[WhiteElo "1879"]
[BlackElo "1966"]

1.d4 Nf6 2.Nf3 c5 3.d5 e6 4.c4 exd5 5.cxd5 d6 6.Nc3 g6 7.Bf4 Bg7 8.Nd2 O-O
9.Nc4 b5 10.Nxb5 Ne4 11.Nbxd6 Nxd6 12.Bxd6 Re8 13.e3 Ba6 14.Qa4 Bxc4 15.Bxc4 Nd7
16.Qc2 Qb6 17.Bf4 Qb4+ 18.Kf1 Nb6 19.Be2 Nxd5 20.Bd6 Rxe3 21.Bf3 Rae8 22.Qd1 Qc4+
23.Kg1 R3e6 24.Bg3 Bxb2 25.h3 Nc3 26.Qf1 Qa4 27.Kh2 h5 28.Bd1 Qd4 29.Bb3 h4
30.Bxe6 hxg3+ 31.fxg3 Rxe6 32.Re1 Ne4 33.Qf4 Qe5 34.Rhf1 f5 35.Rxe4 Qxf4
36.Rexf4 Ra6 37.R4f2 Bd4 38.Rc2 Kg7 39.g4 fxg4 40.hxg4 Kh6 41.Rf3  1/2-1/2

[Event "ch-IND National Teams"]
[Site "Gurgaon IND"]
[Date "2010.02.25"]
[Round "6"]
[White "Sriram,J"]
[Black "Praveen Kumar,C1"]
[Result "1/2-1/2"]
[WhiteElo "2511"]
[BlackElo "2421"]

1.d4 e6 2.c4 Nf6 3.Nf3 c5 4.d5 exd5 5.cxd5 d6 6.Nc3 g6 7.Bf4 Bg7 8.Qa4+ Bd7
9.Qb3 Qc7 10.e4 O-O 11.Nd2 Nh5 12.Be3 a6 13.a4 f5 14.exf5 gxf5 15.Be2 Be8
16.Nc4 Nd7 17.O-O f4 18.Bd2 Ne5 19.Nxe5 Bxe5 20.Ne4 Qg7 21.Bf3 Nf6 22.Nxf6+ Qxf6
23.Bc3 Rb8 24.Rfe1 Bxc3 25.bxc3 Bf7 26.a5 Rfe8 27.Rxe8+ Rxe8 28.h3 Re7 29.Qc4 Kg7
30.Rb1 Be8 31.Rb6 Bb5 32.Qb3 Qe5 33.Kh2 c4 34.Qa3 Rd7 35.Qb2 Re7 36.Qa3 Rd7
37.Qb2 Re7  1/2-1/2

[Event "IFPX Categoria A"]
[Site "Sao Paulo BRA"]
[Date "2010.02.27"]
[Round "5"]
[White "Coelho,L"]
[Black "Del Bosco,R"]
[Result "1-0"]
[WhiteElo "2381"]
[BlackElo "2113"]

1.d4 Nf6 2.c4 c5 3.d5 e6 4.Nc3 exd5 5.cxd5 d6 6.Nf3 g6 7.g3 Bg7 8.Bg2 O-O
9.O-O a6 10.a4 Nbd7 11.Nd2 Rb8 12.Nc4 Qe7 13.Bf4 Ne8 14.Qd2 Ne5 15.Na3 f5
16.Rab1 b6 17.b4 Rb7 18.Rb2 Rc7 19.Rc1 Bd7 20.bxc5 bxc5 21.Rb6 Bc8 22.Bxe5 Bxe5
23.Nc4 f4 24.Ne4 Bf5 25.Nxe5 Qxe5 26.gxf4 Qe7 27.Ng3 Bc8 28.e3 h5 29.Kh1 Qh4
30.Rc6 Qg4 31.Rg1 Rg7 32.Ne4 Qd7 33.Ng5 Bb7 34.Rb6 Qc7 35.Rgb1 Bc8 36.Rc6  1-0

[Event "IFPX Categoria A"]
[Site "Sao Paulo BRA"]
[Date "2010.02.28"]
[Round "7"]
[White "Aranha Filho,A"]
[Black "Del Bosco,R"]
[Result "1-0"]
[WhiteElo "2294"]
[BlackElo "2113"]

1.d4 Nf6 2.c4 c5 3.d5 e6 4.Nc3 exd5 5.cxd5 d6 6.Nf3 g6 7.Bf4 a6 8.a4 Bg7
9.e4 O-O 10.Be2 Qc7 11.Nd2 Nbd7 12.O-O h6 13.h3 Nh7 14.Bg3 f5 15.exf5 gxf5
16.Bf4 Ne5 17.Nc4 Ng5 18.Re1 Nxc4 19.Bxc4 Qd8 20.Qh5 Qf6 21.Rad1 Bd7 22.Re3 Ne4
23.Rde1 Be8 24.Qd1 Nxc3 25.bxc3 b5 26.Bb3 Bd7 27.Qh5 bxa4 28.Bc4 a3 29.Rg3 Kh7
30.Rge3 Rab8 31.Re7 Rb7 32.Kh2 Bc8 33.Rxb7 Bxb7 34.Re6 Qf7 35.Qh4 Bc8 36.Bxh6 Qxe6  1-0

[Event "TCh-ISL 2009-10"]
[Site "Rekjavik ISL"]
[Date "2010.03.05"]
[Round "5"]
[White "Hjartarson,J"]
[Black "Maze,S"]
[Result "0-1"]
[WhiteElo "2596"]
[BlackElo "2515"]

1.d4 Nf6 2.c4 c5 3.d5 e6 4.Nc3 exd5 5.cxd5 d6 6.Nf3 g6 7.e4 Bg7 8.h3 O-O
9.Bd3 b5 10.Nxb5 Nxe4 11.O-O Re8 12.Re1 a6 13.Na3 Nf6 14.Rxe8+ Nxe8 15.Nc4 Bb7
16.Ne3 Nd7 17.Bd2 Nef6 18.Bc4 a5 19.Bc3 Nb6 20.Qd3 Nxc4 21.Qxc4 Ba6 22.Qa4 Qd7
23.Qh4 Nh5 24.Re1 Bd3 25.Ng4 Re8 26.Qg5 Rxe1+ 27.Nxe1 Bb5 28.Bxg7 Kxg7 29.Qh6+ Kg8
30.Qd2 f5 31.Ne3 a4 32.N1c2 Nf6 33.Na3 f4 34.Nec4 Bxc4 35.Nxc4 g5 36.Qa5 Kg7
37.Qa8 Qe7 38.Kh2 g4 39.Qb8 Ne4 40.Qc8 g3+ 41.fxg3 fxg3+ 42.Kg1 Qf7 43.Qg4+ Kh8
44.Qf3 Qxd5 45.Qf8+ Qg8 46.Qxg8+ Kxg8 47.a3 Kf7 48.Kf1 Ke6 49.Nb6 d5 50.Nxa4 c4
51.Ke2 Kd6 52.Nc3 Nc5 53.Kf3 Nd3 54.Nd1 Ke5 55.a4 d4 56.a5 Nb4 57.h4 h5 58.Kxg3 Ke4
59.Kf2 Nd3+ 60.Ke2 Nf4+ 61.Kd2 Kd5 62.g3 Ng6 63.Nf2 Ne5 64.Nh3 Kc5 65.Nf4 Kb5
66.Nxh5 Kxa5 67.Nf4 Kb4 68.h5 Ng4 69.Ne6 c3+ 70.Kc1 d3 71.bxc3+ Kxc3 72.Nf4 d2+
73.Kd1 Nf2+ 74.Ke2 d1=Q+ 75.Kxf2 Kd4  0-1

[Event "TCh-NED 2009-10"]
[Site "Netherlands NED"]
[Date "2010.03.06"]
[Round "7"]
[White "Abeln,M"]
[Black "Van Oosterom,C"]
[Result "0-1"]
[WhiteElo "2334"]
[BlackElo "2386"]

1.d4 Nf6 2.c4 c5 3.d5 e6 4.Nc3 exd5 5.cxd5 d6 6.Nf3 g6 7.h3 Bg7 8.Bf4 O-O
9.e3 Qe7 10.Be2 Nbd7 11.O-O Ne8 12.Qc2 Nc7 13.Rad1 Ne5 14.Nd2 b5 15.Bg3 Rb8
16.a3 b4 17.Nce4 f5 18.Nxd6 Qxd6 19.Nc4 b3 20.Qd2 Nxc4 21.Bxc4 f4 22.Bxf4 Rxf4
23.exf4 Bf5 24.Qa5 Bxb2 25.Qxa7 Nb5 26.Bxb5 Rxb5 27.Rfe1 Bd7 28.Rd2 Bg7 29.a4 Rb4
30.Re6 Bxe6 31.dxe6 Qxe6 32.Rd8+ Bf8 33.f5 Qxf5  0-1

[Event "II Genset Cup"]
[Site "Szombathely HUN"]
[Date "2010.03.30"]
[Round "5"]
[White "Kiss,At"]
[Black "Sipos,I"]
[Result "1/2-1/2"]
[WhiteElo "2342"]
[BlackElo "2491"]

1.d4 Nf6 2.c4 c5 3.d5 e6 4.Nc3 exd5 5.cxd5 d6 6.Nf3 g6 7.g3 Bg7 8.Bg2 O-O
9.O-O a6 10.a4 Re8 11.Bf4 h6 12.Re1 g5 13.Bd2 Nbd7 14.h4 g4 15.Nh2 Ne5 16.Qc1 Kh7
17.Qc2+ Kg8 18.Qc1 Kh7 19.Qc2+ Kg8  1/2-1/2

[Event "Doeberl Cup"]
[Site "Canberra AUS"]
[Date "2010.04.01"]
[Round "1"]
[White "Rout,I"]
[Black "Sandler,L"]
[Result "0-1"]
[WhiteElo "1988"]
[BlackElo "2319"]

1.d4 Nf6 2.c4 e6 3.Nc3 c5 4.d5 exd5 5.cxd5 d6 6.Nf3 g6 7.Bg5 Bg7 8.e3 O-O
9.Be2 a6 10.a4 h6 11.Bh4 g5 12.Bg3 Nh5 13.Nd2 Nxg3 14.hxg3 Nd7 15.Nc4 Qe7
16.Qc2 Rb8 17.Ne4 Nf6 18.Nxf6+ Qxf6 19.a5 Bd7 20.O-O Rfe8 21.Bd3 Re7 22.Rab1 Bb5
23.Rfc1 Rbe8 24.b4 cxb4 25.Rxb4 Rc8 26.Qe2 Rc5 27.e4 Rxd5 28.Rd1 Rd4 29.Ne3 Bxd3
30.Rxd3 Rxb4 31.Nd5 Rb1+  0-1

[Event "22nd Kreuz-Open"]
[Site "Lenk SUI"]
[Date "2010.04.02"]
[Round "2"]
[White "Bucher,M"]
[Black "Messer,M"]
[Result "1-0"]
[WhiteElo "2252"]
[BlackElo "2028"]

1.d4 Nf6 2.Nf3 c5 3.d5 e6 4.c4 exd5 5.cxd5 d6 6.Nc3 g6 7.Nd2 a6 8.a4 Bg7
9.e4 O-O 10.Be2 Qc7 11.O-O Nbd7 12.Kh1 Rb8 13.f4 Re8 14.Qc2 Nf8 15.Nc4 Bd7
16.e5 dxe5 17.fxe5 Ng4 18.Bxg4 Bxg4 19.Bf4 Qe7 20.Bg3 Bf5 21.Qf2 Bd3 22.Nd6 Bxf1
23.Rxf1 Nd7 24.Nxe8 Rxe8 25.Ne4 Nxe5 26.d6 Qf8 27.Qxc5 Nd3 28.Qd5 Nxb2 29.d7 Rd8
30.Bc7  1-0

[Event "22nd Kreuz-Open"]
[Site "Lenk SUI"]
[Date "2010.04.03"]
[Round "4"]
[White "Prunescu,C"]
[Black "Schafer,A"]
[Result "1-0"]
[WhiteElo "2197"]
[BlackElo "2026"]

1.d4 c5 2.d5 e6 3.c4 exd5 4.cxd5 d6 5.Nc3 Nf6 6.Nf3 a6 7.a4 g6 8.Nd2 Bg7
9.Nc4 Qc7 10.Bf4 Bf8 11.h3 Nbd7 12.Qd2 Nb6 13.Qe3+ Kd7 14.Qd3 Nxc4 15.Qxc4 Be7
16.e4 Nh5 17.Bh2 b6 18.Be2 Bb7 19.Bg4+ Ke8 20.O-O Nf6 21.Be2 Nd7 22.f4 f6
23.Bg4 Rf8 24.Be6 Qb8 25.Rae1 Bc8 26.Re3 b5 27.axb5 axb5 28.Qxb5 Qxb5 29.Nxb5 Ra5
30.Na3 Nb6 31.Bxc8 Nxc8 32.Rb3 Ra4 33.Re1 Kf7 34.Rb7 Ra7 35.Rxa7 Nxa7 36.e5 Rb8
37.Nc4 fxe5 38.fxe5 dxe5 39.Nxe5+ Ke8 40.Nc6 Nxc6 41.Bxb8 Nxb8 42.d6 Nc6
43.dxe7 Nxe7 44.Rc1  1-0

[Event "17th TCh-RUS Higher League"]
[Site "Dagomys RUS"]
[Date "2010.04.04"]
[Round "3"]
[White "Rychagov,A"]
[Black "Sek,K"]
[Result "1/2-1/2"]
[WhiteElo "2562"]
[BlackElo "2416"]

1.d4 Nf6 2.c4 c5 3.d5 e6 4.Nc3 exd5 5.cxd5 d6 6.Nf3 g6 7.Bf4 Bg7 8.Qa4+ Bd7
9.Qb3 b5 10.Nxb5 Bxb5 11.Qxb5+ Nbd7 12.Bxd6 Ne4 13.Be5 O-O 14.Bxg7 Kxg7 15.Qd3 Qa5+
16.Nd2 Rab8  1/2-1/2